00264nam a2200109 a 450000500170000000800410001705000220005810000100008024500240009026000100011465000300012420140414131845.0100524s19uu xx 00 eng d aM 220.9bD21 1995 aDandi aStory of Noah(The). c1995. aNoah-xbiblical character